00349nam a2200133Ia 4500008004100000041000800041082001600049100002100065245006200086260002200148300000800170365001600178700002100194230718s9999 xx 000 0 und d aeng a352.53bVED aVedpuriswar A.V. aServices At & T Fedex Indian Hotels Mcdonalds Walt Disney c2002bICFAI Books a205 cRs.b350.00 aVedpuriswar A.V.